Innovation/renovation : new perspectives on the humanities = Innovación y renovación: nuevas perspectivas en las humanidades /
Furkejuvvon:
| Váldodahkkit: | , |
|---|---|
| Materiálatiipa: | Dovdameahttun |
| Giella: | English |
| Almmustuhtton: |
Madison, Wis :
University of Wisconsin Press,
1983.
|
| Fáttát: | |
| Fáddágilkorat: |
Lasit fáddágilkoriid
Eai fáddágilkorat, Lasit vuosttaš fáddágilkora!
|
MARC
| LEADER | 000000000a22000000004500 | ||
|---|---|---|---|
| 001 | 015312 | ||
| 020 | |a 0299093905 | ||
| 041 | 0 | |a eng | |
| 082 | 0 | 4 | |a 306 |b B645i |
| 100 | 1 | |a Hassan, Ihab Habib, |d 1925- | |
| 100 | 1 | |a Hassan, Sally | |
| 245 | 1 | 0 | |a Innovation/renovation : |b new perspectives on the humanities = Innovación y renovación: nuevas perspectivas en las humanidades / |c Ihab Habib Hassan, Sally Hassan. |
| 246 | 3 | 1 | |a Innovación y renovación: nuevas perspectivas en las humanidades |
| 260 | 1 | |a Madison, Wis : |b University of Wisconsin Press, |c 1983. | |
| 300 | |a viii, 365 páginas ; |c 22 cm. | ||
| 650 | 4 | |a CIVILIZACION MODERNA | |
| 650 | 4 | |a SIGLO XX | |
| 650 | 4 | |a ARTE | |
| 650 | 4 | |a HISTORIA | |
| 650 | 4 | |a VIDA INTELECTUAL | |
| 650 | 4 | |a LITERATURA | |
| 650 | 4 | |a FILOSOFIA | |
| 650 | 4 | |a POSMODERNISMO | |
| 650 | 4 | |a CREACION LITERARIA | |
| 650 | 4 | |a CREACION ARTISTICA | |
| 500 | |a Colección George Yúdice | ||
| 999 | |c 21169 |d 21169 | ||
| 942 | |c BK |h 306 B645i |2 z | ||



